| 000 | 00685nam a2200289Ia 4500 | ||
|---|---|---|---|
| 008 | 210210b2012 xxu||||| |||| 00| 0 eng d | ||
| 020 | _a8178242141 | ||
| 041 | _aeng | ||
| 082 | _a954 MAYS | ||
| 100 | _aMAYARAM (Shail) | ||
| 245 | _aSubaltern studies XII: Muslims, dalits and the fabrications of history | ||
| 260 |
_aDelhi _bPermanent Black _c2012 |
||
| 300 | _aix,322 | ||
| 650 | _aXII: | ||
| 650 | _athe | ||
| 650 | _aSubaltern | ||
| 650 | _astudies | ||
| 650 | _aof | ||
| 650 | _aMuslims, | ||
| 650 | _ahistory | ||
| 650 | _afabrications | ||
| 650 | _adalits | ||
| 650 | _aand | ||
| 690 | _aIndian History | ||
| 700 | _aPANDIAN (M S S) | ||
| 906 | _a067421 | ||
| 999 |
_c149129 _d149129 |
||